Mualnuam /Ngawnbung Church diamond jubilee ( 1018-1993 ) / (Record no. 8982)

MARC details
000 -LEADER
fixed length control field 00398nam a22001457a 4500
003 - CONTROL NUMBER IDENTIFIER
control field GBCCL
005 - DATE AND TIME OF LATEST TRANSACTION
control field 20241126110702.0
008 - FIXED-LENGTH DATA ELEMENTS--GENERAL INFORMATION
fixed length control field 220211b ||||| |||| 00| 0 eng d
040 ## - CATALOGING SOURCE
Transcribing agency gbc
082 ## - DEWEY DECIMAL CLASSIFICATION NUMBER
Classification number SOU MUA
Item number 1993
245 ## - TITLE STATEMENT
Title Mualnuam /Ngawnbung Church diamond jubilee ( 1018-1993 ) /
Statement of responsibility, etc. edited by Dr T Goukhanthang
260 ## - PUBLICATION, DISTRIBUTION, ETC.
Place of publication, distribution, etc. Mualnuam :
Name of publisher, distributor, etc. EBC,
Date of publication, distribution, etc. 1993.
300 ## - PHYSICAL DESCRIPTION
Extent 75p.
942 ## - ADDED ENTRY ELEMENTS (KOHA)
Source of classification or shelving scheme Dewey Decimal Classification
Koha item type Archives
Holdings
Withdrawn status Lost status Source of classification or shelving scheme Damaged status Not for loan Home library Current Library Shelving location Date acquired Total checkouts Full call number Barcode Date last seen Copy number Price effective from Koha item type
    Dewey Decimal Classification     GRACE BIBLE COLLEGE GRACE BIBLE COLLEGE Archives 2022-02-11   SOU MUA 1993 250231 2025-05-01 c.1 2022-02-11 Archives
© Grace Bible College Library 2025